00365nam a22001097a 4500003000400000245004800004260004200052300000800094942001200102952012400114999001700238SGT aJournal of scientific & industrial research bIndian National Science Academyc2019 a600 2ddccBV 00102ddc40718ENGGaFEbFEcDISPLAYd2025-01-16eAHUJA PUBLISHERh78l0pFEP237r2025-01-16 00:00:00w2025-01-16yBV c29056d29056